=LDR 00000nam 2200000 4500 =001 001136 =005 20250714084446 =035 ##$$a 0010-0725001020 =007 ta =008 250714################a##########0#ind## =020 ##$$a 978-602-244-944-7 =082 ##$$a 398.209 598 =084 ##$$a 398.209 598 DEB k =100 #$$a Debby lukito goeyardi =245 1#$$a Karena anggrek ibu /$c Debby lukito goeyardi =250 ##$$a Cetakan pertama =260 ##$$a Jakarta selatan :$b Kementerian pendidikan, kebudayaan, riset, teknologi,$c 2022 =300 ##$$a 52hlm. : $b Ilus. ; $c 25cm =650 #4$$a Cerita anak-indonesia